[Event "HUN-chT2 Toth 1718"]
[Site "Hungary"]
[Date "2018.03.04"]
[Round "9.8"]
[White "Martonosi, Adam"]
[Black "Polgar, Janos"]
[Result "0-1"]
[WhiteElo "1861"]
[BlackElo "1962"]
[PlyCount "76"]
[EventDate "2017.09.24"]
[EventType "team-tourn"]
[EventRounds "11"]
[EventCountry "HUN"]
[SourceTitle "EXT 2021"]
[Source "ChessBase"]
[SourceDate "2020.10.23"]
[SourceVersion "1"]
[SourceVersionDate "2020.10.23"]
[SourceQuality "1"]
[WhiteTeam "Mako Duocor II"]
[BlackTeam "Kecskemet Takisz"]
[WhiteTeamCountry "HUN"]
[BlackTeamCountry "HUN"]

1. c4 d5 2. cxd5 Nf6 3. Nf3 Nxd5 4. Nc3 g6 5. g3 Bg7 6. Bg2 0-0 7. 0-0 c6 8. d4 Nd7 9. e4 Nxc3 10. bxc3 e5 11. Ba3 Re8 12. Qb3 Nb6 13. Rad1 Be6 14. Qc2 Qc7 15. Ng5 Nc4 16. Bc1 Rad8 17. Nxe6 fxe6 18. Bg5 Rd6 19. Qc1 b5 20. d5 exd5 21. exd5 c5 22. Rfe1 Bf6 23. Bf1 Qf7 24. Bxc4 bxc4 25. Bxf6 Rxf6 26. Qe3 Qf8 27. Kg2 e4 28. Qe2 Rf3 29. d6 Rd3 30. Qg4 Qxd6 31. Rb1 Qd5 32. Kg1 Rxc3 33. Rb2 Qf5 34. Qh4 Rd3 35. Rbe2 g5 36. Qh5 Rf8 37. Rb2 c3 38. Rb7 Qxf2+ 0-1

[Event "HUN-chT2 Toth 1718"]
[Site "Hungary"]
[Date "2017.10.08"]
[Round "2.10"]
[White "Balatoni, Gyorgy"]
[Black "Polgar, Janos"]
[Result "1/2-1/2"]
[WhiteElo "1735"]
[BlackElo "1962"]
[PlyCount "33"]
[EventDate "2017.09.24"]
[EventType "team-tourn"]
[EventRounds "11"]
[EventCountry "HUN"]
[SourceTitle "EXT 2021"]
[Source "ChessBase"]
[SourceDate "2020.10.23"]
[SourceVersion "1"]
[SourceVersionDate "2020.10.23"]
[SourceQuality "1"]
[WhiteTeam "Szentes Integral"]
[BlackTeam "Kecskemet Takisz"]
[WhiteTeamCountry "HUN"]
[BlackTeamCountry "HUN"]

1. c4 c5 2. Nf3 Nc6 3. Nc3 e6 4. g3 Nf6 5. Bg2 d5 6. cxd5 exd5 7. d4 Be6 8. 0-0 Rc8 9. Bg5 cxd4 10. Nxd4 Be7 11. e3 Qd7 12. Rc1 0-0 13. Qa4 a6 14. Nxc6 Rxc6 15. Qd1 h6 16. Bxf6 Bxf6 17. Bxd5 1/2-1/2

[Event "HUN-chT2 Toth 1112"]
[Site "Hungary"]
[Date "2012.05.06"]
[Round "10.7"]
[White "Polgar, Janos"]
[Black "Szasz, Janos"]
[Result "0-1"]
[WhiteElo "2063"]
[BlackElo "1882"]
[PlyCount "96"]
[EventDate "2011.09.25"]
[EventType "team-tourn"]
[EventRounds "11"]
[EventCountry "HUN"]
[SourceTitle "EXT 2013"]
[Source "ChessBase"]
[SourceDate "2012.11.22"]
[SourceVersion "1"]
[SourceVersionDate "2012.11.22"]
[SourceQuality "1"]
[WhiteTeam "Takisz"]
[BlackTeam "Mezobereny"]
[WhiteTeamCountry "HUN"]
[BlackTeamCountry "HUN"]

1. e4 c5 2. d4 cxd4 3. Nf3 Nc6 4. Nxd4 e6 5. Be3 a6 6. Nd2 Nf6 7. Bd3 d5 8. Nxc6 bxc6 9. e5 Nd7 10. f4 Bc5 11. Qf3 Qb6 12. Bxc5 Nxc5 13. b3 0-0 14. h4 f5 15. exf6 Rxf6 16. 0-0-0 Nxd3+ 17. Qxd3 a5 18. a4 Ba6 19. Qh3 c5 20. Qe3 Qb4 21. Nb1 d4 22. Qe4 Rb8 23. Rhe1 Bb7 24. Qd3 Bd5 25. g3 Bc6 26. Re5 Bxa4 27. bxa4 Qxb1+ 28. Kd2 Qb4+ 29. Ke2 Rd8 30. c3 Qxa4 31. Rxc5 Rf5 32. Rc4 Qa2+ 33. Rd2 Qa1 34. Qe4 d3+ 35. Kf2 Rf6 36. Rxd3 Qa2+ 37. Kf3 Rxd3+ 38. Qxd3 Rf8 39. Rc7 Qd5+ 40. Qxd5 exd5 41. Ke3 Ra8 42. Rb7 a4 43. Rb2 Kf7 44. Kd4 a3 45. Ra2 Ra5 46. f5 Kf6 47. g4 h5 48. c4 hxg4 0-1

[Event "HUN-chT2 Toth 1112"]
[Site "Hungary"]
[Date "2011.11.27"]
[Round "4.7"]
[White "Polgar, Janos"]
[Black "Pal, Imre"]
[Result "0-1"]
[WhiteElo "2063"]
[BlackElo "2155"]
[PlyCount "86"]
[EventDate "2011.09.25"]
[EventType "team-tourn"]
[EventRounds "11"]
[EventCountry "HUN"]
[SourceTitle "EXT 2013"]
[Source "ChessBase"]
[SourceDate "2012.11.22"]
[SourceVersion "1"]
[SourceVersionDate "2012.11.22"]
[SourceQuality "1"]
[WhiteTeam "Takisz"]
[BlackTeam "Toth Laszlo"]
[WhiteTeamCountry "HUN"]
[BlackTeamCountry "HUN"]

1. e4 c5 2. d4 cxd4 3. Nf3 Nc6 4. Nxd4 Nf6 5. Nc3 e5 6. Nf5 d5 7. exd5 Bxf5 8. dxc6 Qxd1+ 9. Nxd1 bxc6 10. Ne3 Be6 11. Ba6 Rb8 12. 0-0 Be7 13. b3 Nd5 14. g3 0-0 15. Nxd5 cxd5 16. Bb2 f6 17. b4 Rb6 18. Be2 Rc8 19. Rac1 Rbc6 20. c3 Kf7 21. b5 R6c7 22. a4 Bd6 23. Ra1 d4 24. c4 Bxc4 25. Bxc4+ Rxc4 26. Rfb1 Rb4 27. Bc1 Rc2 28. a5 Rxb1 29. Rxb1 d3 30. Be3 Bc5 31. Bxc5 Rxc5 32. Kf1 d2 33. Rd1 Rxb5 34. Rxd2 Rxa5 35. Rd7+ Kg6 36. Ke2 Ra2+ 37. Ke3 Ra3+ 38. Ke4 Ra2 39. Kf3 a5 40. g4 Ra3+ 41. Ke2 Rh3 42. Ra7 Rxh2 43. Rxa5 Kg5 0-1

[Event "HUN-chT2 Toth 1011"]
[Site "Hungary"]
[Date "2011.05.01"]
[Round "10.10"]
[White "Polgar, Janos"]
[Black "Gazsovics, Bela"]
[Result "1-0"]
[WhiteElo "2048"]
[BlackElo "1767"]
[PlyCount "55"]
[EventDate "2010.09.12"]
[EventType "team-tourn"]
[EventRounds "11"]
[EventCountry "HUN"]
[SourceTitle "EXT 2012"]
[Source "ChessBase"]
[SourceDate "2011.11.24"]
[SourceVersion "1"]
[SourceVersionDate "2011.11.24"]
[SourceQuality "1"]
[WhiteTeam "Takisz"]
[BlackTeam "Szolnok"]
[WhiteTeamCountry "HUN"]
[BlackTeamCountry "HUN"]

1. e4 c5 2. f4 Nc6 3. Nf3 d6 4. Bc4 e6 5. Nc3 Be7 6. 0-0 Nf6 7. Qe2 0-0 8. e5 dxe5 9. fxe5 Nd4 10. Nxd4 Qxd4+ 11. Kh1 Ng4 12. Nb5 Qxe5 13. Qxg4 a6 14. d4 cxd4 15. Qxd4 Qh5 16. Nc3 Rd8 17. Qf2 b5 18. Be2 Qg6 19. Bf3 Rb8 20. Bf4 Bd6 21. Rad1 e5 22. Bxe5 Bf5 23. Bxd6 Rxd6 24. Rxd6 Qxd6 25. Bd5 Be6 26. Bxe6 fxe6 27. Qf7+ Kh8 28. Ne4 1-0

[Event "HUN-chT2 Toth 1011"]
[Site "Hungary"]
[Date "2010.11.21"]
[Round "6.10"]
[White "Polgar, Janos"]
[Black "Peczely, Sebastian Zsombor"]
[Result "1-0"]
[WhiteElo "2048"]
[BlackElo "1796"]
[PlyCount "93"]
[EventDate "2010.09.12"]
[EventType "team-tourn"]
[EventRounds "11"]
[EventCountry "HUN"]
[SourceTitle "EXT 2012"]
[Source "ChessBase"]
[SourceDate "2011.11.24"]
[SourceVersion "1"]
[SourceVersionDate "2011.11.24"]
[SourceQuality "1"]
[WhiteTeam "Takisz"]
[BlackTeam "Maroczy II"]
[WhiteTeamCountry "HUN"]
[BlackTeamCountry "HUN"]

1. e4 e5 2. Nf3 Nc6 3. Bc4 Bc5 4. c3 Nf6 5. 0-0 d6 6. d4 exd4 7. cxd4 Bb6 8. d5 Ne5 9. Nxe5 dxe5 10. Nc3 0-0 11. Bg5 h6 12. Bh4 Qd6 13. Kh1 Bg4 14. f3 Bh5 15. Qe2 a6 16. Rac1 Nd7 17. a3 Rfe8 18. b4 Nf8 19. Na4 Bd4 20. Bb3 a5 21. Nc5 axb4 22. axb4 Ra3 23. Qc4 Ng6 24. Bf2 Nf4 25. Bxd4 exd4 26. Nxb7 Qb6 27. Nc5 d3 28. Nxd3 Nxd3 29. Qxd3 Qxb4 30. Rc3 Rb8 31. Rb1 Rb6 32. g4 Bg6 33. Kg2 Kh8 34. Rxc7 Rxb3 35. Rxb3 Qxb3 36. Qxb3 Rxb3 37. d6 Rd3 38. d7 Kh7 39. h4 Rd2+ 40. Kg3 Rd3 41. Kf4 f6 42. h5 Rd4 43. hxg6+ Kxg6 44. Ke3 Rd6 45. f4 h5 46. gxh5+ Kxh5 47. Rc5+ 1-0

[Event "HUN-chT2 Toth 1011"]
[Site "Hungary"]
[Date "2010.10.24"]
[Round "4.9"]
[White "Polgar, Janos"]
[Black "Dudics, Zoltan Alex"]
[Result "1-0"]
[WhiteElo "2048"]
[BlackElo "1680"]
[PlyCount "43"]
[EventDate "2010.09.12"]
[EventType "team-tourn"]
[EventRounds "11"]
[EventCountry "HUN"]
[SourceTitle "EXT 2012"]
[Source "ChessBase"]
[SourceDate "2011.11.24"]
[SourceVersion "1"]
[SourceVersionDate "2011.11.24"]
[SourceQuality "1"]
[WhiteTeam "Takisz"]
[BlackTeam "Nadudvar"]
[WhiteTeamCountry "HUN"]
[BlackTeamCountry "HUN"]

1. e4 e6 2. d4 d5 3. exd5 exd5 4. Bd3 Bd6 5. Ne2 Ne7 6. 0-0 0-0 7. Ng3 Nbc6 8. c3 Re8 9. Bg5 h6 10. Qh5 Bxg3 11. fxg3 Be6 12. Bxh6 gxh6 13. Qxh6 Bf5 14. Bxf5 Nxf5 15. Rxf5 Ne7 16. Rf2 Ng6 17. Nd2 Re6 18. Raf1 Qe7 19. Nf3 Rf6 20. Ng5 Rxf2 21. Qh7+ Kf8 22. Rxf2 1-0

[Event "HUN-chT2 Maroczy 0001"]
[Site "Hungary"]
[Date "2000.12.17"]
[Round "3"]
[White "Polgar, Janos"]
[Black "Hidegh, Gabor"]
[Result "1-0"]
[WhiteElo "2079"]
[BlackElo "1988"]
[PlyCount "79"]
[EventDate "2000.11.26"]
[EventType "team"]
[EventRounds "11"]
[EventCountry "HUN"]
[SourceTitle "EXT 2007"]
[Source "ChessBase"]
[SourceDate "2006.11.23"]
[SourceVersion "1"]
[SourceVersionDate "2006.11.23"]
[SourceQuality "1"]
[WhiteTeam "Kecskemet Szechenyi"]
[BlackTeam "Sarospatak II"]
[WhiteTeamCountry "HUN"]
[BlackTeamCountry "HUN"]

1. e4 c6 2. d4 d5 3. exd5 cxd5 4. Bd3 Nc6 5. c3 Nf6 6. Ne2 Bg4 7. 0-0 e6 8. f3 Bh5 9. Nf4 Bg6 10. Nxg6 hxg6 11. Bg5 Qc7 12. g3 Bd6 13. f4 0-0-0 14. Nd2 Rde8 15. Bxf6 gxf6 16. Qf3 Rh3 17. Rf2 Reh8 18. Nf1 f5 19. Re1 Qd8 20. Qe3 Ne7 21. c4 dxc4 22. Bxc4 Nd5 23. Bxd5 exd5 24. a3 Qb6 25. Kg2 R3h7 26. h4 Rd8 27. Nh2 Rhh8 28. Nf3 Rhe8 29. Rc2+ Kd7 30. Ne5+ Bxe5 31. fxe5 Rc8 32. Rec1 Rxc2+ 33. Rxc2 Rc8 34. Rd2 Rc4 35. Qf4 Qb3 36. h5 Qb6 37. h6 Rc8 38. g4 fxg4 39. Qxf7+ Kd8 40. h7 1-0